Coaching and practice: (Record no. 37604)

MARC details
000 -LEADER
fixed length control field 00724nam a22002057a 4500
005 - DATE AND TIME OF LATEST TRANSACTION
control field 20100724155340.0
010 ## - LCCN (DPL NO)
LC control number ENG-96676
020 ## - INTERNATIONAL STANDARD BOOK NUMBER
International Standard Book Number 9788170651246
Terms of availability 300.00
035 ## - SYSTEM CONTROL NUMBER
System control number EN-80209
037 ## - SOURCE OF ACQUISITION
Source of stock number/acquisition DBAD/PUB
082 ## - DEWEY DECIMAL CLASSIFICATION NUMBER
Classification number 371.26
100 ## - MAIN ENTRY--PERSONAL NAME
Personal name Navathe, D.V.
245 ## - TITLE STATEMENT
Title Coaching and practice:
Remainder of title Intelligence measurement tests /
Statement of responsibility, etc by D.V. Navathe
250 ## - EDITION STATEMENT
Edition statement 2nd ed.
260 ## - PUBLICATION, DISTRIBUTION, ETC. (IMPRINT)
Place of publication, distribution, etc New Delhi
Name of publisher, distributor, etc Asha Prakashan Greh
Date of publication, distribution, etc 2009
270 ## - ADDRESS
Address 30, Naiwala, Karol Bagh
City New Delhi
Postal code 110005
300 ## - PHYSICAL DESCRIPTION
Extent vi, 215p.
Dimensions 22cm. (Hb)
942 ## - ADDED ENTRY ELEMENTS (KOHA)
Source of classification or shelving scheme Dewey Decimal Classification
Item type English Books
Classification part 371.26
Call number suffix NAV
Holdings
Withdrawn status Lost status Not for loan Collection code Home library Current library Date acquired Source of acquisition Cost, normal purchase price Full call number Barcode Copy number Cost, replacement price Koha item type
    Not For Loan Non-fiction D.B.Act.Division D.B.Act.Division 24/07/2010 DBAD/PUB 300.00 371.26 NAV EN-80209 1 300.00 English Books

© Delhi Public Library
Hit Counter
free hit counter